दामोदर विरचित वछाहरण (Record no. 87314)

MARC details
000 -LEADER
fixed length control field 00538nam a2200157Ia 4500
008 - FIXED-LENGTH DATA ELEMENTS--GENERAL INFORMATION
fixed length control field 090124s9999 xx 000 0 und d
082 ## - DEWEY DECIMAL CLASSIFICATION NUMBER
Item number 12911
245 ## - TITLE STATEMENT
Title दामोदर विरचित वछाहरण
250 ## - EDITION STATEMENT
Edition statement 2
260 ## - PUBLICATION, DISTRIBUTION, ETC. (IMPRINT)
Name of publisher, distributor, etc अरुण प्रकाशन
Date of publication, distribution, etc 1965
300 ## - PHYSICAL DESCRIPTION
Extent 248
630 ## - SUBJECT ADDED ENTRY--UNIFORM TITLE
Uniform title दामोदर विरचित वछाहरण
700 ## - ADDED ENTRY--PERSONAL NAME
Personal name कोलते विष्णु भिकाजी
730 ## - ADDED ENTRY--UNIFORM TITLE
Uniform title दामोदर विरचित वछाहरण
942 ## - ADDED ENTRY ELEMENTS (KOHA)
Koha item type Book
Holdings
Withdrawn status Lost status Damaged status Not for loan Home library Current library Date acquired Cost, normal purchase price Total Checkouts Full call number Barcode Date last seen Cost, replacement price Price effective from Koha item type
        Nagar Wachan Mandir, Thane Nagar Wachan Mandir, Thane   10.00   12911 THNNWM-12911 01/24/2009 10.00 01/24/2009 Book